000 00493nam a2200181Ia 4500
001 3519
005 20260306145649.0
008 260306t2023||||xx |||||||||||||| ||spa||
041 _aESP
082 _a282.952092
_bG359
100 _aGlynn, Paul,
_eAUT
245 0 _aRéquiem por Nagasaki :
_bla historia de Takashi Nagai, converso y superviviente de la bomba atómica
260 _c2023
300 _a316 páginas :
_c21 cm.
650 _aGEN
654 _aCHU
942 _cLIB
_dJUS
_fJUS
_2ddc
_n
999 _c3519
_d3519